El nuevo Régimen de información de planificaciones fiscales (Registro nro. 35192)

Detalles MARC
000 -LEADER
fixed length control field 00332 a2200109 4500
001 - CONTROL NUMBER
control field ART_51817
005 - DATE AND TIME OF LATEST TRANSACTION
control field 20260410162044.0
008 - FIXED-LENGTH DATA ELEMENTS--GENERAL INFORMATION
fixed length control field 260409a
100 1# - MAIN ENTRY--PERSONAL NAME
Personal name Coronello, Silvina E.
245 10 - TITLE STATEMENT
Title El nuevo Régimen de información de planificaciones fiscales
773 0# - HOST ITEM ENTRY
Title Impuestos
Related parts - N°88 (nov. 2020)
Record control number REV45175

No hay ítems disponibles.